000
00302nam a22001337a 4500
008
171023b xxu||||| |||| 00| 0 eng d
020
_a
9780471298281
041
_a
eng
080
_a
338
100
_a
54
101
_a
MO
245
_a
OPERATIONS MANAGEMENT FOR MBAs
_c
MEREDITH, J.R
942
_2
udc
_c
BK
999
_c
35424
_d
35424